Introducing Python : Modern computing in simple packages
Enregistré dans:
| Auteur principal: | |
|---|---|
| Format: | Livre |
| Langue: | Undetermined |
| Publié: |
Sebastopol, CA
O'Reilly Media
2015
|
| Sujets: | |
| Tags: |
Ajouter un tag
Pas de tags, Soyez le premier à ajouter un tag!
|
| Thư viện lưu trữ: | Trung tâm Học liệu Trường Đại học Cần Thơ |
|---|
| LEADER | 00677nam a2200217Ia 4500 | ||
|---|---|---|---|
| 001 | CTU_237264 | ||
| 008 | 210402s9999 xx 000 0 und d | ||
| 082 | |a 005.133 | ||
| 082 | |b L926 | ||
| 100 | |a Lubanovic, Bill | ||
| 245 | 0 | |a Introducing Python : | |
| 245 | 0 | |b Modern computing in simple packages | |
| 245 | 0 | |c Bill Lubanovic | |
| 260 | |a Sebastopol, CA | ||
| 260 | |b O'Reilly Media | ||
| 260 | |c 2015 | ||
| 526 | |a Mạng truyền thông và dữ liệu | ||
| 526 | |b CT293 | ||
| 650 | |a Python (Ngôn ngữ lập trình máy tính),Python (Computer program language) | ||
| 910 | |b vdbang | ||
| 980 | |a Trung tâm Học liệu Trường Đại học Cần Thơ | ||